000 00365 a2200169 4500
001 182888
020 _a85-7164-738-0
040 _cMagnum
100 _aGaarder, Jostein
240 1 0 _aVita Brevis
_lpor
245 1 0 _aVita Brevis
300 _a225
362 0 _a1998
440 1 _aCompanhia das Letras
697 _aLITERATURA GERAL ESTRANGEIRA
942 _cBK
999 _c182888
_d182888